Základy manažmentu

Gespeichert in:
Bibliographische Detailangaben
1. Verfasser: Sedlák, Mikuláš
Körperschaft: Vysoká škola ekonómie a manažmentu verejnej správy v Bratislave
Format: Buch
Sprache:Slowakisch
Veröffentlicht: Bratislava Iura Edition 2012
Ausgabe:2. preprac. a dopln. vyd.
Schriftenreihe:Ekonómia
Schlagworte:
Tags: Tag hinzufügen
Keine Tags, Fügen Sie das erste Tag hinzu!

MARC

LEADER 00000nam a2200000 4500
001 0162412
005 20240314080237.9
020 |a 978-80-8078-455-3 
041 0 |a slo 
044 |a SK 
245 1 0 |a Základy manažmentu  |c Mikuláš Sedlák 
250 |a 2. preprac. a dopln. vyd. 
264 1 |a Bratislava  |b Iura Edition  |c 2012 
300 |a 329 s. 
490 1 |a Ekonómia 
830 0 |a Ekonómia 
610 2 0 |a manažment 
610 2 0 |a riadenie podnikové 
610 2 0 |a organizácie 
610 2 0 |a rozhodovanie 
610 2 0 |a informácie 
610 2 0 |a plánovanie 
610 2 0 |a kontrola 
610 2 0 |a manažment strategický 
610 2 0 |a štruktúra organizačná 
610 2 0 |a vedenie ľudí 
610 2 0 |a manažéri 
610 2 0 |a prognózy 
100 1 |a Sedlák, Mikuláš 
710 2 |a Vysoká škola ekonómie a manažmentu verejnej správy v Bratislave